| 000 | 00711nam a22002297a 4500 | ||
|---|---|---|---|
| 003 | OSt | ||
| 005 | 20140310181927.0 | ||
| 008 | 130720t xxu||||| |||| 00| 0 eng d | ||
| 020 | _a9780716796077 | ||
| 050 |
_aQD 45 _b.W75 2005 |
||
| 082 |
_aTR 542 _bW89 2005 |
||
| 100 |
_aWink, Donald J. _92444 |
||
| 245 |
_aWorking with chemistry : _ba laboratory inquiry program / _cDonald J. Wink, Sharon Fetzer Gislason, Julie Ellefson Kuehn. |
||
| 250 | _a2nd ed. | ||
| 260 |
_aNew York : _bW. H. Freeman and Company, _cc2005. |
||
| 300 |
_a20 p. : _bill. ; _c27 cm. |
||
| 521 | _aFaculty | ||
| 541 | _j1 | ||
| 562 | _e1 | ||
| 650 |
_aChemistry _xLaboratory manuals. _92445 |
||
| 942 |
_2lcc _cBK-TR _kTR |
||
| 999 |
_c7225 _d7225 |
||